Tintin : Les Bijoux de la Castafiore (Les 150 premiers mots) - Statistiques

Statistiques générales
  • Ce quiz a été pris 78 fois
  • Le résultat moyen est 70 sur 150
Statistiques - réponses
Personnages Dialogues % Correct
Haddock | Tintin à
98%
Haddock a
98%
Tintin À
98%
Haddock C'
97%
Haddock l'
91%
Haddock d'
89%
Haddock La
84%
Haddock la
84%
Haddock là !...
84%
Haddock de
83%
Haddock il
81%
Haddock le
81%
Haddock Le
81%
Haddock ma
81%
Haddock est
77%
Haddock Tintin.
75%
Tintin un
75%
Tintin se
73%
Haddock Et
72%
Haddock et
72%
Haddock Et,
72%
Tintin ne
70%
Haddock des
69%
Tintin Des
69%
Haddock qu'
69%
Tintin Une
69%
Tintin pas
67%
Haddock y
64%
Haddock | Tintin du
63%
Haddock mai !...
63%
Tintin Elle
61%
Haddock les
61%
Haddock on
61%
Tintin On
61%
Tintin que
61%
Haddock
59%
Haddock | Tintin qui
59%
Haddock par
58%
Haddock Ah !
55%
Haddock cet
53%
Haddock mais
53%
Haddock mois
53%
Tintin dire,
50%
Haddock gens
50%
Haddock printemps !...
50%
Tintin vrai
50%
Haddock vrai !
50%
Haddock Cette
47%
Haddock cette
47%
Haddock joli
47%
Haddock | Tintin nous
47%
Tintin petite
47%
Haddock Ces
45%
Haddock ces
45%
Haddock oiseaux !...
44%
Haddock air
42%
Tintin comme
42%
Tintin Romanichels !
42%
Haddock si
42%
Haddock odeur
41%
Haddock vos
38%
Tintin dirait
36%
Haddock parole !
36%
Haddock pur
36%
Haddock nature ...
34%
Haddock dans
33%
Tintin enfant
33%
Tintin pleure...
31%
Haddock poumons
28%
Tintin Écoutez !...
27%
Haddock Respirez
27%
Haddock fond,
25%
Haddock puanteur !...
25%
Haddock Emplissez
23%
Haddock fleurs
23%
Tintin parfum,
23%
Haddock toute
23%
Haddock voilà :
23%
Haddock bonne
22%
Haddock tous
22%
Tintin celui
20%
Haddock fin,
20%
Haddock gazouillis
20%
Tintin muguet !...
20%
Tintin ressemble
20%
Haddock attirés
19%
Haddock champ
19%
Haddock envie
19%
Haddock incroyable !...
19%
Haddock Tiens !
19%
Haddock vivifiant,
19%
Haddock semblent
17%
Tintin sera
17%
Tintin Chut !...
16%
Tintin bohémienne !...
14%
Miarka Bou-ouh!
14%
Miarka Bou-ou-ouh!
14%
Tintin ceci
14%
Haddock humus !...
14%
Tintin précisément
14%
Haddock boire ...
13%
Haddock bois !...
13%
Haddock zouaves-
13%
Haddock Aucun
11%
Tintin éloignée
11%
Haddock hygiène,
11%
Haddock sens
11%
Tintin campement
9%
Haddock épandage
9%
Haddock fraîcheur
9%
Haddock Inouï !...
9%
Haddock léger,
9%
Haddock poubelles
9%
Haddock renouveau !...
9%
Haddock détritus,
8%
Haddock déverse
6%
Haddock parfums !...
6%
Haddock pétillant
6%
Haddock région !
6%
Haddock côtoyons
5%
Haddock fonds
5%
Haddock infect
5%
Haddock résidus
5%
Aucun quiz correspondant
Distribution des résultats
% des personnes avec chaque résultat
Percentile par nombre de réponses
Votre historique - résultats
Vous n’avez pas pris ce quiz